Taylor Swift Song With No Hint #2 - Statistics

General Stats
  • This quiz has been taken 7 times
  • The average score is 230 of 323
Answer Stats
Answer % Correct
a
100%
be
100%
I
100%
to
100%
you
100%
but
83%
me,
83%
me
83%
never
83%
the
83%
The
83%
through
83%
Too
83%
up
83%
us
83%
afternoons
67%
agrees
67%
All
67%
all
67%
altruism
67%
always
67%
and
67%
And
67%
anti-hero
67%
as
67%
At
67%
at
67%
baby
67%
become
67%
big
67%
'Cause
67%
city
67%
come
67%
congressman?
67%
covert
67%
crisis
67%
daughter
67%
day,
67%
depression
67%
devices
67%
Did
67%
directly
67%
disguise
67%
dream
67%
dreaming
67%
end
67%
everybody
67%
exhausting
67%
family
67%
favorite
67%
feel
67%
(For
67%
for
67%
from
67%
gathers
67%
get
67%
ghosted
67%
got
67%
graveyard
67%
hang
67%
have
67%
hear
67%
heart,
67%
hell"
67%
hi,
67%
hill
67%
I'll
67%
I'm
67%
in
67%
is
67%
It
67%
it
67%
It's
67%
it's
67%
its
67%
I've
67%
just
67%
killed
67%
kills
67%
kind
67%
last
67%
laughing
67%
law
67%
leaving
67%
left
67%
life
67%
like
67%
Like
67%
lose
67%
lurching
67%
meaning
67%
Midnights
67%
mirror
67%
money
67%
monster
67%
must
67%
my
67%
narcissism
67%
not
67%
of
67%
old
67%
older
67%
on
67%
One
67%
out,
67%
out
67%
own
67%
people
67%
Pierced
67%
prices
67%
problem,
67%
problem
67%
reads
67%
room
67%
rooting
67%
'round
67%
scheming
67%
screaming
67%
screams
67%
sexy
67%
She
67%
"She's
67%
shift
67%
should
67%
slowly
67%
some
67%
someone
67%
Sometimes
67%
stand
67%
stare
67%
sun
67%
(tale
67%
(Tale
67%
tea
67%
them
67%
then
67%
there
67%
They
67%
thing
67%
thinks
67%
this
67%
time)
67%
time,
67%
tired
67%
toward
67%
vices
67%
wake
67%
watch
67%
When
67%
where
67%
will
67%
wiser
67%
with
67%
works
67%
your
67%
you're
67%
agrees,¸
0%
No matching quizzes found
Score Distribution
Percent of People with Each Score
Percentile by Number Answered
Your Score History
You have not taken this quiz